Main Rivers of Central Italy - Statistics

General Stats
  • This quiz has been taken 26 times
  • The average score is 5 of 24
Answer Stats
Length(km) Main Regions River % Correct
409 Miscellaneous Tevere
100%
241 Tuscany Arno
94%
145 Abruzzo Pescara
38%
115 Marche, Abruzzo Tronto
38%
160 Tuscany Ombrone
31%
122 Molise, Abruzzo Sangro
31%
85 Molise Trigno
25%
63 Tuscany Elsa
19%
120 Lazio Liri-Garigliano
19%
111 Tuscany Serchio
19%
99 Lazio Aniene
13%
83 Molise Biferno
13%
54 Tuscany Era
13%
121 Marche Metauro
13%
116 Umbria Nera
13%
76 Abruzzo Vomano
13%
90 Marche Foglia
6%
90 Abruzzo Velino
6%
78 Tuscany Cecina
0%
91 Marche Chienti
0%
90 Marche Esino
0%
76 Marche Musone
0%
86 Tuscany, Lazio Paglia
0%
95 Marche Potenza
0%
No matching quizzes found
Score Distribution
Percent of People with Each Score
Percentile by Number Answered
Your Score History
You have not taken this quiz